000
00470nam a2200181Ia 4500
008
090124s9999 xx 000 0 und d
082
_b
14910
_a
3755
100
_a
खोत शकंुतला
245
_a
मोतिया
250
_a
1
260
_c
1965
300
_a
133
600
_a
खोत शकंुतला
630
_a
मोतिया
700
_a
खोत शकंुतला
730
_a
मोतिया
942
_c
BOOK
999
_c
128850
_d
128850